00680nam a2200193Ia 4500952013400000999001700134003000400151005001700155008004100172040000900213082001900222100002700241245007200268250001200340260004400352300000900396650003600405942004500441 00102ddc40708LEXIaMESbMEScLEXICONd2019-02-20g50.00l0o302.203 WAT/Dp22047r2019-02-20 00:00:00w2019-02-20yREFzU18R1 c36247d36247OSt20201218105130.0190216s9999||||xx |||||||||||||| ||und|| coclc a302.203bWAT/D aWatson, James D 96339 2aA Dictionary Of Communication And Media Studies /cJames D Watson  a2nd Ed. bUniversal Bookstall,c1991.aNew Delhi: a190p aLibraries For Specific Subjects cREF2ddch302.203iWAT/Dk302.203mWAT/D